000 nam a22 7a 4500
999 _c10799
_d10799
008 180223b ||||| |||| 00| 0 eng d
100 _aNarvekar,S.
_94505
245 _aLearn Pencil Shading Animals and Birds-1
260 _aNew Delhi